ბათუმის შოთა რუსთაველის სახელმწიფო უნივერსიტეტის ბიბლიოთეკა

ტრანსპორტის ეკონომიკა (ბიბ.ჩანაწერი № 34815)

000 -LEADER
fixed length control field 00765nam a2200229Ia 4500
001 - CONTROL NUMBER
control field 626
003 - CONTROL NUMBER IDENTIFIER
control field GE_BSU
008 - FIXED-LENGTH DATA ELEMENTS--GENERAL INFORMATION
fixed length control field 181216s||||||||xx |||||||||||||| ||und||
040 ## - CATALOGING SOURCE
Transcribing agency GE_BSU
100 ## - MAIN ENTRY--PERSONAL NAME
Personal name კუჭუხიძე,ალ.
245 ## - TITLE STATEMENT
Title ტრანსპორტის ეკონომიკა
245 ## - TITLE STATEMENT
Remainder of title სახელმძღვანელო პოლიტექნიკური ინ–ტის სტუდ.
260 ## - PUBLICATION, DISTRIBUTION, ETC.
Place of publication, distribution, etc. თბილისი
260 ## - PUBLICATION, DISTRIBUTION, ETC.
Name of publisher, distributor, etc. განათლება
260 ## - PUBLICATION, DISTRIBUTION, ETC.
Date of publication, distribution, etc. 1970
300 ## - PHYSICAL DESCRIPTION
Extent 320გვ.
653 ## - INDEX TERM--UNCONTROLLED
Uncontrolled term ეკონომიკა
653 ## - INDEX TERM--UNCONTROLLED
Uncontrolled term ტრანსპორტი
653 ## - INDEX TERM--UNCONTROLLED
Uncontrolled term ტრანსპორტის ეკონომიკა
942 ## - ADDED ENTRY ELEMENTS (KOHA)
Koha item type წიგნი
ეგზემპლარები
Withdrawn status Lost status Damaged status Not for loan Date acquired Barcode Date last seen Price effective from Koha item type
        2018-12-17 961 2018-12-17 2018-12-17 წიგნი